La France du temps des Cathédrales (notice n° 1568476)
[ vue normale ]
| 000 -LEADER | |
|---|---|
| fixed length control field | 01055cam a2200133 4500500 |
| 005 - DATE AND TIME OF LATEST TRANSACTION | |
| control field | 20251214004344.0 |
| 041 ## - LANGUAGE CODE | |
| Language code of text/sound track or separate title | fre |
| 042 ## - AUTHENTICATION CODE | |
| Authentication code | dc |
| 100 10 - MAIN ENTRY--PERSONAL NAME | |
| Personal name | Sardou, Romain |
| Relator term | author |
| 245 00 - TITLE STATEMENT | |
| Title | La France du temps des Cathédrales |
| 260 ## - PUBLICATION, DISTRIBUTION, ETC. | |
| Name of publisher, distributor, etc. | Armand Colin,<br/> |
| Date of publication, distribution, etc. | 2022.<br/> |
| 520 ## - SUMMARY, ETC. | |
| Summary, etc. | L’auteur nous raconte sa vision du Moyen Âge du VIIe au XVe siècle en revenant sur les idées reçues que les historiens ont donné de cette période. Il prend la parole à la manière de Lavisse et coupe le récit de réflexions libres sur le sujet. Toutes les thématiques sont ainsi explorées : contexte historique, place de la femme, amour, prémices de la Renaissance, mais aussi bien sûr l’importance des bâtisseurs de cathédrales, des ordres monastiques et des croisades. Il rappelle in fine que de là date l’acte de naissance de la France et que le Moyen Âge est toujours d’actualité malgré ce qu’on peut en penser. |
| 856 41 - ELECTRONIC LOCATION AND ACCESS | |
| Uniform Resource Identifier | <a href="https://shs.cairn.info/la-france-du-temps-des-cathedrales--9782200629090?lang=fr&redirect-ssocas=7080">https://shs.cairn.info/la-france-du-temps-des-cathedrales--9782200629090?lang=fr&redirect-ssocas=7080</a> |
Pas d'exemplaire disponible.




Réseaux sociaux